Sports Quiz

Random Sports or NHL Quiz

NHL Top Goal Scorers in Toronto Quiz Stats

 Plays Quiz not verified by Sporcle

Challenge
Share
Tweet
Embed
Score 0/60 Timer 15:00
0 Plays Today
Player % Correct
Mats Sundin
95.6%
Darryl Sittler
87.4%
Phil Kessel
85.9%
Dave Keon
80%
Wendel Clark
80%
Tyler Bozak
76.8%
Rick Vaive
74.8%
Frank Mahovlich
73.3%
George Armstrong
69.6%
Tomas Kaberle
69.6%
Lanny McDonald
68.9%
Nazem Kadri
66.1%
Alexander Mogilny
65.9%
Nik Antropov
64.4%
Syl Apps
62.2%
Ted Kennedy
61.5%
Ron Ellis
60.7%
Darcy Tucker
60%
Gary Roberts
60%
Bryan McCabe
60%
Joffrey Lupul
58.9%
Charlie Conacher
55.6%
Charlie Conacher
55.6%
Norm Ullman
54.8%
Matt Stajan
54.8%
Jason Blake
51.9%
Alexei Ponikarovsky
51.1%
Mikhail Grabovski
48.9%
James van Riemsdyk
46.4%
Busher Jackson
45.9%
Player % Correct
John Anderson
45.9%
Tie Domi
45.2%
Nikolai Kulemin
43.7%
Bob Pulford
41.5%
Sid Smith
40%
Paul Henderson
40%
Ace Bailey
34.8%
Babe Dye
32.6%
Busher Jackson
32.6%
Ron Stewart
30.4%
Jonas Hoglund
30.4%
Hap Day
25.9%
Auston Matthews
25.9%
Corb Denneny
25.2%
Cy Denneny
25.2%
Howie Morenz
24.4%
Reg Noble
18.5%
Newsy Lalonde
17.8%
Tod Sloan
17.8%
Jack Adams
17%
Harry Watson
17%
Frank Nighbor
14.1%
Harry Cameron
12.6%
Bill Carson
7.4%
Mickey Roach
5.4%
Bert Corbeau
5.2%
Andy Blair
5.2%
Baldy Cotton
5.2%
Jimmy Herbert
4.4%
Ken Randall
4.4%

You're not logged in!

Compare scores with friends on all Sporcle quizzes.
OR
Log In

You Might Also Like...

Show Comments

Extras

Top Quizzes Today


Score Distribution

Your Account Isn't Verified!

In order to create a playlist on Sporcle, you need to verify the email address you used during registration. Go to your Sporcle Settings to finish the process.

Report this User

Report this user for behavior that violates our Community Guidelines.

Details: